Statistics for Biggest Countries By Area

Click here to take the quiz!

General Stats

  • This quiz has been taken 28 times
  • The average score is 14 of 15

Answer Stats

Area of countriesAnswer% Correct
2,780,400Argentina
100%
8,515,770Brazil
100%
9,984,670Canada
100%
9,596,960China
100%
1,964,375Mexico
100%
17,098,242Russia
100%
9,833,517United States Of America
100%
3,287,263India
95%
7,741,220Australia
89%
2,381,741Algeria
84%
2,344,858Democratic Republic Of The Congo
84%
2,724,900Kazakhstan
84%
2,149,690Saudi Arabia
84%
1,904,569Indonesia
79%
1,861,484Sudan
68%

Score Distribution

Percentile by Number Answered

Percent of People with Each Score

Your Score History

You have not taken this quiz